| 000 | 01661cam a2200337 a 4500 | ||
|---|---|---|---|
| 999 |
_c41352 _d41352 |
||
| 001 | 16230667 | ||
| 003 | OSt | ||
| 005 | 20210818112158.0 | ||
| 008 | 100513s2011 nyuab b 001 0 eng | ||
| 010 | _a 2010020291 | ||
| 020 | _a9781259097218 | ||
| 020 | _a0073532126 (alk. paper) | ||
| 020 | _a9780071221641 (hc : alk. paper) | ||
| 020 | _a0071221646 (alk. paper) | ||
| 040 |
_aDLC _cDLC _dDLC |
||
| 042 | _apcc | ||
| 050 | 0 | 0 |
_aBF121 _b.P348 2011 |
| 082 | 0 | 0 |
_a150 _222 _bPAS/P |
| 100 |
_aPasser, Michael W _95198 |
||
| 245 | 1 | 0 |
_aPsychology : _bthe science of mind and behavior / _cMichael W. Passer, Ronald E. Smith. |
| 250 | _a5th ed. | ||
| 260 |
_aNew York : _bMcGraw-Hill Higher Education, _cc2011. |
||
| 300 |
_axxxiv, 673, SI-12 p. : _bchiefly col. ill., col. maps ; _c28 cm. |
||
| 504 | _aIncludes bibliographical references (p. R-1 and R-51) and indexes. | ||
| 505 | 0 | _aThe science of psychology -- Studying behavior scientifically -- Genes, environment, and behavior -- The brain and behavior -- Sensation and perception -- States of consciousness -- Learning: the role of experience -- Memory -- Language and thinking -- Intelligence -- Motivation and emotion -- Development over the life span -- Personality -- Health and well-being -- Psychological disorders -- Treatment of psychological disorders -- Social thinking and behavior. | |
| 650 | 0 |
_aPsychology _vTextbooks. |
|
| 700 | 1 | _aSmith, Ronald E. | |
| 906 |
_a7 _bcbc _corignew _d1 _eecip _f20 _gy-gencatlg |
||
| 942 |
_2ddc _cBK _h150 _iPAS/P _k150 _mPAS/P |
||